Plan pistes ski alpin La Plagne ( France ) - Statistiques

Statistiques générales
  • Ce quiz a été pris 35 fois
  • Le résultat moyen est 67 sur 138
Statistiques - réponses
Couleur Lieu Nom % Correct
Rouge Domaine altitude Inversens
81%
Rouge Champagny en Vanoise Roc
81%
Noire Domaine altitude Derochoir
75%
Bleue Domaine altitude Tunnel
75%
Bleue Domaine altitude Arpette
69%
Rouge Champagny en Vanoise Hara kiri
69%
Bleue Domaine altitude Mira
69%
Bleue Montchavin / Les Coches Mont blanc
69%
Noire Domaine altitude Rochu
69%
Rouge Domaine altitude Sources
69%
Bleue Domaine altitude Verdons
69%
Bleue Montalbert Adrets
63%
Noire Domaine altitude Bellecote
63%
Rouge Montchavin / Les Coches Coches
63%
Rouge Domaine altitude Combe
63%
Noire Domaine altitude Coqs
63%
Rouge Champagny en Vanoise Kamikaze
63%
Noire Domaine altitude Morbleu
63%
Bleue Montchavin / Les Coches Myrtilles
63%
Bleue Domaine altitude Belle plagne
56%
Bleue Domaine altitude Blanchets
56%
Rouge Champagny en Vanoise Borseliers
56%
Noire Champagny en Vanoise Bosses
56%
Noire Montchavin / Les Coches Crozats
56%
Bleue Domaine altitude Dou du praz
56%
Noire Domaine altitude Etroits
56%
Rouge Domaine altitude Gavotte
56%
Rouge Champagny en Vanoise Les bois
56%
Noire Montchavin / Les Coches Les murs
56%
Bleue Montalbert Lutins
56%
Noire Domaine altitude Mio
56%
Rouge Champagny en Vanoise Mont de la guerre
56%
Bleue Domaine altitude Mont st sauveur
56%
Bleue Domaine altitude Ours
56%
Noire Domaine altitude Palsembleu
56%
Bleue Domaine altitude Pavane
56%
Bleue Domaine altitude Petite rochette
56%
Bleue Montalbert Pravendue
56%
Bleue Domaine altitude Ramy
56%
Bleue Montchavin / Les Coches Replat
56%
Bleue Domaine altitude Roc du diable
56%
Bleue Montchavin / Les Coches Route des bauches
56%
Bleue Domaine altitude Soleil
56%
Bleue Domaine altitude Vega
56%
Rouge Domaine altitude Andre martzolf
50%
Bleue Domaine altitude Arolles
50%
Bleue Montchavin / Les Coches Bauches
50%
Verte Tout Bergerie
50%
Bleue Domaine altitude Capella
50%
Rouge Domaine altitude Carina
50%
Noire Domaine altitude Crete cote
50%
Bleue Domaine altitude Dunes
50%
Rouge Domaine altitude Emile allais
50%
Bleue Champagny en Vanoise Eterlou
50%
Noire Domaine altitude Frisbee
50%
Bleue Champagny en Vanoise Geisha
50%
Bleue Montalbert Gentil
50%
Noire Domaine altitude Grande pente
50%
Rouge Montalbert Grenouilles
50%
Verte Tout Indiens
50%
Rouge Domaine altitude Java
50%
Bleue Domaine altitude Jean marie
50%
Rouge Montchavin / Les Coches La duy
50%
Bleue Domaine altitude Laines
50%
Rouge Domaine altitude Lanche ronde
50%
Bleue Domaine altitude Leitchoums
50%
Rouge Domaine altitude Lognan
50%
Rouge Domaine altitude Lovatiere
50%
Noire Montchavin / Les Coches Malatray
50%
Bleue Domaine altitude Marie chantal
50%
Rouge Montchavin / Les Coches Marmottes
50%
Rouge Montchavin / Les Coches Montchavin
50%
Noire Montchavin / Les Coches Pelees
50%
Bleue Champagny en Vanoise Ravine
50%
Bleue Domaine altitude Rhodos
50%
Noire Domaine altitude Rochette
50%
Rouge Domaine altitude Samba
50%
Rouge Domaine altitude Banzai
44%
Bleue Montchavin / Les Coches Barrieres
44%
Bleue Domaine altitude Boulevard
44%
Bleue Champagny en Vanoise Bozelets
44%
Bleue Domaine altitude Bridge
44%
Bleue Champagny en Vanoise Crepines
44%
Bleue Domaine altitude Edmond blanchoz
44%
Rouge Montchavin / Les Coches Esselet
44%
Rouge Montalbert Fornelet
44%
Bleue Domaine altitude Frete
44%
Bleue Domaine altitude Golf
44%
Bleue Champagny en Vanoise Levasset bas
44%
Bleue Domaine altitude Levasset haut
44%
Bleue Domaine altitude Loup garou
44%
Rouge Montalbert Maignonne
44%
Bleue Montchavin / Les Coches Mouflon
44%
Verte Tout Ourson
44%
Bleue Montchavin / Les Coches Plan bois
44%
Bleue Domaine altitude Puy du fou
44%
Bleue Domaine altitude Quillis
44%
Rouge Montalbert Roclisse
44%
Bleue Domaine altitude Sapins
44%
Bleue Champagny en Vanoise Serac
44%
Bleue Champagny en Vanoise Tome
44%
Verte Tout Belle plagne debutant
38%
Bleue Montchavin / Les Coches Bijolin
38%
Verte Tout Biquet
38%
Rouge Montalbert Bois croizelin
38%
Bleue Champagny en Vanoise Bouquetins
38%
Rouge Montalbert Bovet
38%
Bleue Domaine altitude Bretelle trieuse
38%
Bleue Domaine altitude Chevrette
38%
Bleue Domaine altitude Ecartee
38%
Verte Tout Ecole aime 2000
38%
Verte Tout Ecole montalbert
38%
Bleue Domaine altitude Halles
38%
Bleue Domaine altitude Les croes
38%
Rouge Domaine altitude Les mines
38%
Bleue Champagny en Vanoise Liaison verdons
38%
Bleue Montalbert Montalbert bas
38%
Bleue Montalbert Montalbert haut
38%
Rouge Montalbert Mur des adrets
38%
Bleue Montchavin / Les Coches Pierre blanche
38%
Verte Tout Praconduit
38%
Verte Tout Prajourdan
38%
Bleue Montalbert Pralioud
38%
Bleue Domaine altitude Reservoir
38%
Bleue Montchavin / Les Coches Teppes
38%
Bleue Domaine altitude Trieuse bas
38%
Bleue Montchavin / Les Coches Carroley
31%
Bleue Montchavin / Les Coches Dos rond
31%
Bleue Domaine altitude Edmond blanchoz bas
31%
Rouge Montalbert Fornelet bas
31%
Bleue Montalbert Jarsey
31%
Bleue Montchavin / Les Coches Retour lac noir
31%
Rouge Champagny en Vanoise Rossa bas
31%
Bleue Domaine altitude Trieuse haut
31%
Bleue Domaine altitude Mira bas
25%
Bleue Montalbert Plantes
25%
Bleue Champagny en Vanoise Rossa haut
25%
Bleue Montchavin / Les Coches Salla
25%
Aucun quiz correspondant
Distribution des résultats
% des personnes avec chaque résultat
Percentile par nombre de réponses
Votre historique - résultats
Vous n’avez pas pris ce quiz